Statistics for Every ITV Television Channel

Click here to take the quiz!

General Stats

  • This quiz has been taken 68 times
    (44 since last reset)
  • The average score is 8 of 13

Answer Stats

Began AiringCeased AiringChannel% Correct
September 1955n/aITV
100%
June 2008n/aITV HD
100%
December 1998n/aITV2
97%
November 2004n/aITV3
97%
November 2005n/aITV4
95%
October 2014n/aITVBe
79%
March 2006n/aCITV
56%
August 2001May 2002ITV Sport Channel
36%
August 2000December 2005ITV News Channel
31%
February 2017January 2020ITV Box Office
26%
June 2014May 2018ITV Encore
21%
April 2006March 2007ITV Play
21%
May 2000April 2002ITV Select
13%

Score Distribution

Percentile by Number Answered

Percent of People with Each Score

Your Score History

You have not taken this quiz since the last reset